00445 a2200145 4500010001400000020001000014035001400024037001800038082000800056100001600064245008900080260004200169270006200211300002600273 aENG-85331 c50.00 aENG-68864 bD.B.Act / Pub14a4851 aSood, K. S.1 aBrightr's handbook of common errors in english and how to avoid themcby K. S. Sood aDelhibBright careers Institutec2005 a1525, Nai SarakbDelhie110 006mpsbright@ndf.vsnl.net.in a207 p.c18 cm. (Pbk.)